<?xml version="1.0" encoding="UTF-8"?>
<record
    xmlns:xsi="http://www.w3.org/2001/XMLSchema-instance"
    xsi:schemaLocation="http://www.loc.gov/MARC21/slim http://www.loc.gov/standards/marcxml/schema/MARC21slim.xsd"
    xmlns="http://www.loc.gov/MARC21/slim">

  <leader>01696nam a22002777a 4500</leader>
  <controlfield tag="003">AR-RoUNCS</controlfield>
  <controlfield tag="005">20260209143338.0</controlfield>
  <controlfield tag="008">160722s2015    ag     gr     001 f spa  </controlfield>
  <datafield tag="015" ind1=" " ind2=" ">
    <subfield code="a">AR-2015</subfield>
  </datafield>
  <datafield tag="020" ind1=" " ind2=" ">
    <subfield code="a">978-950-07-5166-7</subfield>
  </datafield>
  <datafield tag="040" ind1=" " ind2=" ">
    <subfield code="a">AR-BaBN</subfield>
    <subfield code="b">spa</subfield>
    <subfield code="c">AR-RoUNCS</subfield>
    <subfield code="e">aacr</subfield>
  </datafield>
  <datafield tag="044" ind1=" " ind2=" ">
    <subfield code="a">ag</subfield>
    <subfield code="c">ar-c</subfield>
  </datafield>
  <datafield tag="080" ind1="1" ind2=" ">
    <subfield code="a">82-31(862)</subfield>
    <subfield code="2">2016</subfield>
  </datafield>
  <datafield tag="100" ind1="1" ind2=" ">
    <subfield code="a">Garc&#xED;a M&#xE1;rquez, Gabriel,</subfield>
    <subfield code="d">1927-2014</subfield>
    <subfield code="e">autor</subfield>
    <subfield code="4">aut</subfield>
  </datafield>
  <datafield tag="245" ind1="1" ind2="0">
    <subfield code="a">Cien a&#xF1;os de soledad /</subfield>
    <subfield code="c">Gabriel Garc&#xED;a M&#xE1;rquez.</subfield>
  </datafield>
  <datafield tag="246" ind1="1" ind2="3">
    <subfield code="a">100 a&#xF1;os de soledad</subfield>
  </datafield>
  <datafield tag="260" ind1=" " ind2=" ">
    <subfield code="a">Buenos Aires :</subfield>
    <subfield code="b">Sudamericana,</subfield>
    <subfield code="c">2015.</subfield>
  </datafield>
  <datafield tag="300" ind1=" " ind2=" ">
    <subfield code="a">495 p. ;</subfield>
    <subfield code="c">22 cm.</subfield>
  </datafield>
  <datafield tag="490" ind1="0" ind2=" ">
    <subfield code="a">Colecci&#xF3;n Premio Nobel de Literatura</subfield>
  </datafield>
  <datafield tag="490" ind1="0" ind2=" ">
    <subfield code="a">Biblioteca Gabriel Garc&#xED;a M&#xE1;rquez</subfield>
  </datafield>
  <datafield tag="520" ind1="3" ind2=" ">
    <subfield code="a">&#xAB;Muchos a&#xF1;os despu&#xE9;s, frente al pelot&#xF3;n de fusilamiento, el coronel Aureliano Buend&#xED;a hab&#xED;a de recordar aquella tarde remota en que su padre lo llev&#xF3; a conocer el hielo.&#xBB;

 

Con esta cita comienza una de las novelas m&#xE1;s importantes del siglo XX y una de las aventuras literarias m&#xE1;s fascinantes de todos los tiempos. Millones de ejemplares de Cien a&#xF1;os de soledad le&#xED;dos en todas las lenguas y el premio Nobel de Literatura coronando una obra que se hab&#xED;a abierto paso &#xAB;boca a boca&#xBB; -como gustaba decir el escritor- son la m&#xE1;s palpable demostraci&#xF3;n de que la aventura fabulosa de la familia Buend&#xED;a-Iguar&#xE1;n, con sus milagros, fantas&#xED;as, obsesiones, tragedias, incestos, adulterios, rebeld&#xED;as, descubrimientos y condenas, representaba al mismo tiempo el mito y la historia, la tragedia y el amor del mundo entero.

 </subfield>
  </datafield>
  <datafield tag="650" ind1=" " ind2="7">
    <subfield code="2">embne</subfield>
    <subfield code="a">Literatura colombiana</subfield>
  </datafield>
  <datafield tag="650" ind1=" " ind2="7">
    <subfield code="2">embne</subfield>
    <subfield code="a">Realismo m&#xE1;gico (Literatura)</subfield>
  </datafield>
  <datafield tag="655" ind1=" " ind2="7">
    <subfield code="a">Novelas</subfield>
    <subfield code="2">embne</subfield>
  </datafield>
  <datafield tag="942" ind1=" " ind2=" ">
    <subfield code="2">udc</subfield>
    <subfield code="c">LPD</subfield>
    <subfield code="n">0</subfield>
  </datafield>
  <datafield tag="999" ind1=" " ind2=" ">
    <subfield code="c">890</subfield>
    <subfield code="d">890</subfield>
  </datafield>
  <datafield tag="952" ind1=" " ind2=" ">
    <subfield code="0">0</subfield>
    <subfield code="1">0</subfield>
    <subfield code="2">udc</subfield>
    <subfield code="4">0</subfield>
    <subfield code="7">0</subfield>
    <subfield code="8">CG</subfield>
    <subfield code="a">ESOCIALES</subfield>
    <subfield code="b">ESOCIALES</subfield>
    <subfield code="d">2026-02-09</subfield>
    <subfield code="e">Donaci&#xF3;n 2023</subfield>
    <subfield code="l">1</subfield>
    <subfield code="o">82-31(862) G216</subfield>
    <subfield code="p">000153</subfield>
    <subfield code="q">2026-05-06</subfield>
    <subfield code="r">2026-04-22 11:16:41</subfield>
    <subfield code="s">2026-04-22</subfield>
    <subfield code="w">2026-02-09</subfield>
    <subfield code="y">LPD</subfield>
  </datafield>
</record>
